000 00368pab a2200145 454500
008 180718b2001 xxu||||| |||| 00| 0 eng d
100 _aMain, Linda
245 _aThe global information infrastructure: empowerment or imperialism?
260 _c2001
300 _ap.83-97
362 _aFeb
650 _aInternet
773 _aThird World Quarterly
909 _a48457
999 _c48457
_d48457